Online Catalogue and eLibrary

Some Questions on Feminism and its Relevance in South Asia (Record no. 1430)

MARC details
000 -LEADER
fixed length control field 00481nam a2200193Ia 4500
005 - DATE AND TIME OF LATEST TRANSACTION
control field 20250106022914.0
008 - FIXED-LENGTH DATA ELEMENTS--GENERAL INFORMATION
fixed length control field 240331s9999 xx 000 0 und d
020 ## - INTERNATIONAL STANDARD BOOK NUMBER
ISBN 8185107068
082 ## - DDC Classification
Item Number - Author Mark KAM
DDC Edition Number 1876
Class No. 305
100 ## - MAIN ENTRY--PERSONAL NAME
Personal name Bhasin, K
100 ## - MAIN ENTRY--PERSONAL NAME
Personal name Khan, N S
245 #0 - TITLE STATEMENT
Title Some Questions on Feminism and its Relevance in South Asia
250 ## - EDITION STATEMENT
Edition statement 2nd
260 ## - PUBLICATION, DISTRIBUTION, ETC.
Place of publication, distribution, etc. New Delhi
Name of publisher, distributor, etc. Kali for Women
Date of publication, distribution, etc. 1986
300 ## - PHYSICAL DESCRIPTION
Extent (e.g. Volumes, Pages etc.) 46 p.,
650 ## - SUBJECT ADDED ENTRY--TOPICAL TERM
Topical term or geographic name entry element Feminism
650 ## - SUBJECT ADDED ENTRY--TOPICAL TERM
Topical term or geographic name entry element South Asia
942 ## - Koha item type (Biblio)
Koha item type Books in Stacks (Lending)
Holdings
Lost status Damaged status Collection code Home library Current library Shelving location Date acquired Full call number Accession Number Item type
    Lending WERC Library WERC Library Social Science Cupboard 03/31/2024 305 BHA 1876 Books in Stacks (Lending)

© WERC Library